Quiz de culture générale #3 - Alex H. - Statistiques

Statistiques générales
  • Ce quiz a été pris 206 fois
  • Le résultat moyen est 6 sur 20
Statistiques - réponses
Hint Réponse % Correct
Quel est le nom de la marque suisse de montre de luxe ? Rolex
87%
Ob du diesen Satz verstehst oder nicht, schreib einfach "ja" Oui / Yes / Ja / Si
78%
Combien de litre de sang un humain type possède-t-il ? 5
68%
Quel est le numéro atomique de l'oxygène ? 8
54%
Quelle couleur représente le code #FFFF00 ? Jaune
44%
Comment s'appelle l'oiseau légendaire de feu ? Sulfura
38%
Combien y a-t-il d'os dans le corps humain ? 206
37%
Qui est le Titan qui a coupé le sexe de son père, Ouranos, avec sa faucille ? Cronos / Kronos
34%
Comment s'appelle l'oiseau légendaire de glace ? Artikodin
33%
Comment s'appelle l'oiseau légendaire électrik ? Electhor
30%
Quel est le nom du balai de Harry Potter ? éclair de feu
27%
Quelle est la traduction de "firefly" en français ? Luciole
27%
Quel est la valeur du nombre d'or ? 1.61
17%
Quel dinosaure pouvait concurrencer le T-Rex au point de le remplacer sur l'affiche de Jurassic Park 3 ? Spinosaure
17%
Quel est l'autre nom de l'omoplate ? Scapulum
15%
Quel est le langage informatique de plus bas niveau existant ? Assembleur
7%
Quel est le nom du logo discord ? Wumpus
5%
Quelle est la race du légendaire Smaug ? Wyvern / Vouivre
4%
Quel a été le premier navigateur graphique ? WorldWideWeb / WWW
3%
Quelle est la matière la plus légère du monde ? Aérographite
1%
Aucun quiz correspondant
Distribution des résultats
% des personnes avec chaque résultat
Percentile par nombre de réponses
Votre historique - résultats
Vous n’avez pas pris ce quiz